| 000 | 00422nam a2200181Ia 4500 | ||
|---|---|---|---|
| 008 | 240510s9999 xx 000 0 und d | ||
| 020 | _a0000013218999 | ||
| 041 | _aEng | ||
| 082 | _a603 | ||
| 082 | _bA87 | ||
| 245 | 4 | _aThe Australian Reaserch and Development Directory | |
| 260 | _bHallmark Edition | ||
| 260 | _c1994 | ||
| 300 | _a285 p. | ||
| 650 | _aReaserch and Development | ||
| 942 | _2ddc | ||
| 942 | _cLBK | ||
| 999 |
_c27294 _d27294 |
||
| 945 |
_a1 _bMadushi Gamage _c1 _dMadushi Gamage |
||